000
00306nam a2200121Ia 4500
005
20260326100038.0
008
260326s9999||||xx |||||||||||||| ||und||
100
_a
Vahlefeld, Rolf
245
0
_a
Garagen-Und Tankstellenbau /
_c
Rolf Vahlefeld
260
_b
Callwey
650
_a
ARQUITECTURA CIVIL
942
_c
BK
999
_c
6890
_d
6890